| 000 | 01523nam a2200289 i 4500 | ||
|---|---|---|---|
| 003 | DO-SdBNP | ||
| 005 | 20250519141309.0 | ||
| 007 | ta | ||
| 008 | 250519b2024 dr ad||| |||| 00| 0 spa d | ||
| 020 | _a9789945587340 | ||
| 040 |
_aDO-SdBNP _bspa _cBNPHU _erda |
||
| 041 | _aspa | ||
| 082 | 4 |
_axxx _bB742ra _222 |
|
| 100 |
_aBosch Carcuro, Matías _d1977 _eautor _4aut. _978616 |
||
| 245 | 1 | 0 |
_aRadiografía del trabajo y los salarios en República Dominicana 2024 : _banálisis y perspectivas para el debate sobre desarrollo, bienestar y justicia social / _cMatías Bosch Carcuro, Francisco A. Tavárez Vásquez, Perla Massiel Rosario Fabián, Enmanuel de León Reyes. |
| 264 |
_aSanto Domingo : _bUniversidad Autónoma de Santo Domingo, Fundación Juan Bosch, _c2024. |
||
| 300 |
_a79 páginas : _bilustraciones, gráficos ; _c28 cm. |
||
| 336 |
_atexto _btxt _2rdacontent |
||
| 337 |
_asin mediación _bn _2rdamedia |
||
| 338 |
_avolumen _bnc _2rdacarrier |
||
| 505 |
_aPresentación -- _tIntroducción y hallazgos claves -- _tAntecedentes y conceptos -- _tLa precariedad en y del empleo en República Dominicana -- _tBienestar del capital, malestar salarial e injustica distributiva -- _tLa pobreza laboral de las mayorías -- _tConclusiones para el debate de políticas publicas. |
||
| 700 | 1 |
_aTavárez Vásquez, Francisco Alberto _eautor _4aut. _984080 |
|
| 700 | 1 |
_aRosario Fabián, Perla Massiel, _eautor _4aut. _987823 |
|
| 700 | 1 |
_aRosario Fabián, Perla Massiel, _eautor _4aut. _987823 |
|
| 910 | _aLP | ||
| 942 |
_2ddc _cLBS1 |
||
| 999 |
_c59051 _d59051 |
||